|
|
|
|
| LEADER |
02537nam a2200421 i 4500 |
| 001 |
nkc20193087169 |
| 003 |
CZ PrNK |
| 005 |
20190709140102.0 |
| 007 |
ta |
| 008 |
190604s2019 xr g 000 f cze |
| 015 |
|
|
|a cnb003087169
|
| 020 |
|
|
|a 978-80-249-3904-9
|q (brožováno) :
|c Kč 299,00
|
| 035 |
|
|
|a (OCoLC)1111979456
|
| 040 |
|
|
|a ABG001
|b cze
|d ABA001
|e rda
|
| 041 |
1 |
|
|a cze
|h eng
|
| 072 |
|
7 |
|a 821.111(73)-3
|x Americká próza
|2 Konspekt
|9 25
|
| 080 |
|
|
|a 821.111(73)-31
|2 MRF
|
| 080 |
|
|
|a (0:82-31)
|2 MRF
|
| 100 |
1 |
|
|a Picoult, Jodi,
|d 1966-
|7 mzk2002112715
|4 aut
|
| 240 |
1 |
0 |
|a My sister's keeper.
|l Česky
|
| 245 |
1 |
0 |
|a Je to i můj život /
|c Jodi Picoultová ; z anglického originálu My sister's keeper ... přeložila Alexandra Fraisová
|
| 250 |
|
|
|a Vydání třetí
|
| 264 |
|
1 |
|a Praha :
|b Ikar,
|c 2019
|
| 300 |
|
|
|a 415 stran ;
|c 21 cm
|
| 336 |
|
|
|a text
|b txt
|2 rdacontent
|
| 337 |
|
|
|a bez média
|b n
|2 rdamedia
|
| 338 |
|
|
|a svazek
|b nc
|2 rdacarrier
|
| 520 |
2 |
|
|a Zajímavý psychologický román citlivě a velmi objektivně popisuje tragické dilema v životě rodiny, do jejíhož života a vzájemných vztahů osudově zasáhla zhoubná nemoc jedné z dcer.
|b Třináctiletá Anna byla rodiči cílevědomě počata po zjištění, že jejich starší dcera Kate trpí leukémií a bude potřebovat pro svůj další život dárce kostní dřeně. Rodiče své děti milují, jejich život je ale určován vývojem Katiny nemoci, s čímž úzce souvisí kvalita Annina života. Nemůže žít jako jiné děti, musí být vždy po ruce, a ač zdravá, je stále vystavena vážným chirurgickým zákrokům, bolesti a úzkosti, aniž by o tom mohla rozhodnout. Sestry jsou si velmi blízké, ale Anna má pocit, že nikoho nezajímá, jak se cítí. Proto se vzepře a podá soudní žalobu na omezení rodičovských práv v lékařských záležitostech. Zděšení rodičů, psychický tlak, láska k sestře, pochyby, to všechno ovládá dívčin život a je těžkou zkouškou pro rodinu i sociální pracovnici a advokáta, kteří tento případ provázejí až do soudní síně.
|
| 655 |
|
7 |
|a americké romány
|7 fd131796
|2 czenas
|
| 655 |
|
9 |
|a American fiction
|2 eczenas
|
| 700 |
1 |
|
|a Fraisová, Alexandra
|7 jn20001227598
|4 trl
|
| 910 |
2 |
|
|a BOA001
|b 2-1429.978
|
| 920 |
|
|
|a 4482181
|z ABG001
|
| 928 |
9 |
|
|a Euromedia Group - Ikar
|
| 990 |
|
|
|a BK
|
| 995 |
|
|
|a 01
|
| 991 |
|
|
|b 201906
|c NOV
|
| 996 |
6 |
|
|b 2610786302
|c 2-1429.978
|l MZK
|r Sklad / do 1 hodiny
|n 0
|p p.v.
|w 001730031
|u 000010
|a 1
|e BOA001
|j MZK50
|s P
|